00977nam a2200253 a 4500999001500000005001700015008004100032020002500073040001000098082001400108090001600122100002300138245011500161246004300276246003700319260003400356300003500390504004100425650004300466650004200509700003600551942001400587952012200601 c4142d414220170525120124.0170525s1999 enk||||| |||| 00| 0 eng d a2880464420 (pbk.) :  aAKMAL a745.4 BYA a745.4b BYA1 a Byars, Mel.9725710a100 designs, 100 years : b innovative designs of the 20th century /c Mel Byars with Arlette Barré-Despond.3 aOne hundred designs, one hundred years3 aHundred designs, a hundred years aHove :b RotoVision,c c1999. a 215 p. :b col. ill. ; c19cm aIncludes bibliographical references. 0aDesignx Historyy 20th century.98130 0aHistory, Moderny 20th century.981311 aBarré-Despond, Arlette.98132 2ddccBOOK 00102ddc40708NFICaAKMALHQbAKMALHQcDd2017-05-25i700158l0o745.4 BYAp201704833r2017-05-25w2017-05-25yBOOK